| 000 | 00746cam a2200229 4500500 | ||
|---|---|---|---|
| 005 | 20260329001454.0 | ||
| 041 | _afre | ||
| 042 | _adc | ||
| 100 | 1 | 0 |
_aRancière, Jacques _eauthor |
| 700 | 1 | 0 |
_aTruong, Nicolas _eauthor |
| 245 | 0 | 0 | _aJacques Rancière. « Il n’y a jamais eu besoin d’expliquer à un travailleur ce qu’est l’exploitation » |
| 260 | _c2007. | ||
| 500 | _a30 | ||
| 690 | _aClasse | ||
| 690 | _aÉmancipation | ||
| 690 | _aJacques Rancière | ||
| 690 | _aOuvrière | ||
| 690 | _aPlaton | ||
| 690 | _aTravail | ||
| 786 | 0 | _nPhilosophie magazine | 10 | 6 | 2007-06-01 | p. 23-25 | 1951-1787 | |
| 856 | 4 | 1 | _uhttps://shs.cairn.info/magazine-philosophie-magazine-2007-6-page-23?lang=fr&redirect-ssocas=7080 |
| 999 |
_c1805721 _d1805721 |
||